[Event "Zonal 2.4 Absoluto 2013"]
[Site "Manaus BRA"]
[Date "2013.04.27"]
[Round "1.16"]
[White "Borensztajn,D"]
[Black "Madeira,W"]
[Result "1-0"]
[WhiteElo "1886"]
[BlackElo "2233"]

1.c4 Nf6 2.Nc3 g6 3.d4 Bg7 4.e4 d6 5.Nf3 O-O 6.Be2 e5 7.O-O Nc6 8.d5 Ne7
9.Ne1 Ne8 10.Be3 f5 11.f3 f4 12.Bf2 g5 13.Rc1 Ng6 14.Nd3 h5 15.c5 Rf7 16.cxd6 cxd6
17.a4 Bf8 18.Kh1 Nf6 19.Qb3 g4 20.Nb5 g3 21.Bg1 h4 22.Rxc8 Rxc8 23.Nxa7 h3
24.Bb6 Qd7 25.Rg1 Rh7 26.Nxc8 gxh2 27.Kxh2 hxg2+ 28.Kxg2 Qxc8 29.Qc3 Qe8
30.Kf2 Rh2+ 31.Ke1 Kh7 32.Qc7+ Bg7 33.b3 Qd7 34.Qxd7 Nxd7 35.Bc7 Bf8 36.Nf2 Nh4
37.Ng4 Rh3 38.Kf2 Be7 39.b4 Ng6 40.a5 Kg7 41.b5 Rh8 42.a6 bxa6 43.bxa6 Ra8
44.Rb1 Nc5 45.Rb8 Nxa6 46.Rxa8 Nxc7 47.Ra7 Bd8 48.Ke1 Ne7 49.Rb7 Ne8 50.Kd1 Kf7
51.Bb5 Nc7 52.Ba4 Ng6 53.Nh6+ Kf6 54.Nf5 Nxd5 55.exd5 Kxf5 56.Bc2+ Kf6 57.Bxg6 Kxg6
58.Rd7 Ba5 59.Rxd6+ Kf5 60.Re6 Bc3 61.Ke2 Bb2 62.Kd3 Ba1 63.Ra6 Bd4 64.Ra8 Bc5
65.Rc8 Ba3 66.Rh8 Bb2 67.Rf8+ Kg6 68.Ke4 Kg7 69.Rf5  1-0

[Event "ch-CHN w 2013"]
[Site "Xinghua CHN"]
[Date "2013.04.27"]
[Round "11.6"]
[White "Ren,Xiaoyi"]
[Black "Zhang Xiaowen"]
[Result "1/2-1/2"]
[WhiteElo "2212"]
[BlackElo "2367"]

1.d4 Nf6 2.c4 g6 3.Nc3 Bg7 4.e4 d6 5.Nf3 O-O 6.Be2 e5 7.O-O Nc6 8.d5 Ne7
9.b4 a5 10.Ba3 Nh5 11.c5 axb4 12.Bxb4 Nf4 13.cxd6 cxd6 14.Nd2 f5 15.Bb5 fxe4
16.Ndxe4 Nf5 17.Re1 Rf7 18.Bf1 Bf8 19.a4 Nh4 20.Kh1 h5 21.f3 Bd7 22.Bxd6 Bh3
23.gxh3 Bxd6 24.Nxd6 Qxd6 25.Ne4 Qd7 26.d6 Kg7 27.Rc1 Ne6 28.Re3 Qxa4 29.Qxa4 Rxa4
30.Bc4 Rxc4 31.Rxc4 Nxf3 32.Nc5 Nd8 33.Kg2 Nd4 34.Rxe5 Nf5 35.Ne6+ Nxe6 36.Rxe6 b5
37.Rce4 Kh6 38.Rb4 Rd7 39.Rxb5 Nd4 40.Re7 Rxd6 41.Rbb7 Nf5 42.Red7 Ra6 43.Kf3 Kg5
44.Ke4  1/2-1/2

[Event "48th Capablanca Open II 2013"]
[Site "Havana CUB"]
[Date "2013.04.28"]
[Round "7.1"]
[White "Alvarez,Fe"]
[Black "Quesda Chow,I"]
[Result "1-0"]
[WhiteElo "2237"]
[BlackElo "2217"]

1.d4 Nf6 2.c4 g6 3.Nc3 Bg7 4.e4 d6 5.Nf3 O-O 6.Be2 e5 7.O-O Nc6 8.d5 Ne7
9.Ne1 Nd7 10.Be3 f5 11.f3 f4 12.Bf2 g5 13.b4 Nf6 14.c5 Ng6 15.cxd6 cxd6 16.Rc1 Rf7
17.a4 Bf8 18.a5 h5 19.Nb5 b6 20.axb6 axb6 21.Rc6 Rb7 22.Qc2 Ne8 23.Nd3 Bd7
24.Rc1 g4 25.Kh1 g3 26.Bg1 gxh2 27.Bxh2 Qg5 28.Bf1 Bxc6 29.dxc6 Rg7 30.c7 Rc8
31.Qa2+ Kh7 32.Qa6 Nxc7 33.Qxc8 Nxb5 34.Qf5 Qxf5 35.exf5 Nh4 36.Nxf4 exf4
37.Bxb5 Be7 38.Bxf4 Nxf5 39.Bd3 Kg6 40.g4 hxg4 41.fxg4 Bg5 42.Bxf5+ Kf6 43.Bxg5+ Kxg5
44.Rd1 Ra7 45.Rxd6 Kf4 46.Rd2 Ra4 47.b5 Rb4 48.Bd7 Ke3 49.Rg2 Rb1+ 50.Kh2 Rd1
51.Bc6 Rd6 52.g5 Rg6 53.Be8 Rg7 54.g6 Kf4 55.Bf7 Kf5 56.Kh3 Kf6 57.Kh4 Ke7
58.Re2+ Kf6 59.Kh5 Kf5 60.Kh6  1-0

[Event "Zonal 2.4 Absoluto 2013"]
[Site "Manaus BRA"]
[Date "2013.04.28"]
[Round "2.7"]
[White "Macedo,MIa"]
[Black "Patroclo,Arthur Ruiz"]
[Result "1-0"]
[WhiteElo "2386"]
[BlackElo "2132"]

1.d4 Nf6 2.c4 g6 3.Nc3 Bg7 4.e4 d6 5.Nf3 O-O 6.Be2 e5 7.O-O Nc6 8.d5 Ne7
9.Ne1 Nd7 10.Nd3 f5 11.Bd2 Nf6 12.f3 f4 13.c5 g5 14.Rc1 Ng6 15.Nb5 Rf7 16.Ba5 b6
17.cxb6 cxb6 18.Bb4 Bf8 19.Nf2 h5 20.h3 a6 21.Na3 Rg7 22.Qb3 Nh4 23.Be1 g4
24.fxg4 hxg4 25.hxg4 Bxg4 26.Nxg4 Nxg4 27.Qh3 Nxg2 28.Kxg2 Rh7 29.Qxh7+ Kxh7
30.Bxg4 f3+ 31.Kxf3 Bh6 32.Bf5+ Kh8 33.Bd2 Bg7 34.Rh1+ Kg8 35.Rh7 Ra7 36.Rc8 Qxc8
37.Rxg7+ Kxg7 38.Bxc8  1-0

[Event "48th Capablanca Open II 2013"]
[Site "Havana CUB"]
[Date "2013.04.29"]
[Round "8.28"]
[White "Doubleday,W"]
[Black "Cantillo,R"]
[Result "0-1"]
[WhiteElo "2016"]
[BlackElo "2177"]

1.d4 Nf6 2.c4 g6 3.Nc3 Bg7 4.e4 d6 5.Be2 O-O 6.Nf3 e5 7.O-O Nc6 8.d5 Ne7
9.Ne1 Nd7 10.Be3 f5 11.f3 f4 12.Bf2 g5 13.Nd3 Nf6 14.c5 Rf7 15.a4 Bf8 16.Kh1 Ng6
17.a5 h5 18.b4 g4 19.Rc1 g3 20.hxg3 fxg3 21.Bxg3 h4 22.Bh2 Nh5 23.Rf2 Ng3+
24.Kg1 Bh6 25.cxd6 cxd6 26.Nb5 Be3 27.Bf1 a6 28.Na3 Rg7 29.Nc4 Bd4 30.Qd2 Ba7
31.Qh6 Rb8 32.Re1 Qf6 33.Nb6 Rh7 34.Qd2 Rf7 35.Qh6 Bd7 36.Nb2 Rbf8 37.Bd3 Rh7
38.Qd2 Nf4 39.N2c4 Bb5 40.Nb2 Be8 41.N2c4 Rg7 42.Qc2 h3 43.Bf1 Bb5 44.Ne3 Nxf1
45.Bxf4 exf4 46.Nxf1 Qd4 47.Qd2 Rxg2+ 48.Kh1 Qxf2  0-1

[Event "48th Capablanca Open II 2013"]
[Site "Havana CUB"]
[Date "2013.04.29"]
[Round "8.1"]
[White "Alvarez,Fe"]
[Black "Lopez Gonzalez,A"]
[Result "1/2-1/2"]
[WhiteElo "2237"]
[BlackElo "2209"]

1.d4 Nf6 2.c4 g6 3.Nc3 Bg7 4.e4 d6 5.Nf3 O-O 6.Be2 e5 7.O-O Nc6 8.d5 Ne7
9.Ne1 Nd7 10.Be3 f5 11.f3 f4 12.Bf2 g5 13.a4 a5 14.Nd3 b6 15.Be1 Nf6 16.Nf2 h5
17.h3 Kh8 18.b4 axb4 19.Nb5 Rf7 20.Bxb4 Bf8 21.a5 c5 22.Bc3 bxa5 23.Qd2 a4
24.Qc2 Rg7 25.Rxa4 Rxa4 26.Qxa4 g4 27.fxg4 hxg4 28.hxg4 Nxg4 29.Nxg4 Bxg4
30.Bxg4 Rxg4 31.Qd1 Rg7 32.Qh5+ Kg8 33.Rf3 Ng6 34.Rh3 Be7 35.Qf5 Nh4 36.Qe6+ Kh7
37.Be1 Rxg2+ 38.Kf1 Rg6 39.Qf7+ Kh6 40.Na7 Bf6 41.Nc6 Qc8 42.Qe6 Qxe6 43.dxe6 Kh5
44.e7 Rg8 45.Bxh4 Bxh4 46.Rd3 Kg4 47.Rxd6 Kf3 48.Nxe5+ Kxe4 49.Ng6 Bxe7 50.Nxe7 Ra8
51.Nd5 Ra1+ 52.Kf2 Ra2+ 53.Kf1 Ra1+ 54.Kf2 Ra2+  1/2-1/2

[Event "48th Capablanca Open I 2013"]
[Site "Havana CUB"]
[Date "2013.04.30"]
[Round "9.36"]
[White "Diaz,Rid"]
[Black "Salgado Segui,Roberto"]
[Result "1-0"]
[WhiteElo "2349"]
[BlackElo "2226"]

1.d4 Nf6 2.c4 g6 3.Nc3 Bg7 4.e4 d6 5.Nf3 O-O 6.Be2 e5 7.O-O Nc6 8.d5 Ne7
9.Ne1 Nd7 10.Be3 f5 11.f3 f4 12.Bf2 g5 13.Nd3 Rf7 14.c5 Ng6 15.a4 Bf8 16.cxd6 cxd6
17.a5 h5 18.Nb5 a6 19.Na7 Nf6 20.Bb6 Qe8 21.Nxc8 Rxc8 22.Rc1 Rxc1 23.Qxc1 g4
24.Nf2 Qd7 25.Kh1 Nh4 26.Rg1 Rg7 27.Nd3 g3 28.Ne1 gxh2 29.Kxh2 Rg3 30.Qc7 Qxc7
31.Bxc7 Rg7 32.Bb6 Nd7 33.Bf2 Be7 34.Nd3 Bd8 35.b4 Ng6 36.Kh3 Nf6 37.Nb2 Rc7
38.Nc4 Be7 39.Rb1 Kg7 40.Rb2 Kh6 41.Bd3 Kg5 42.Be1 Rc8 43.Bd2 h4 44.Rc2 Nd7
45.Be1 Kh5 46.Bf2 Ngf8 47.Nb6 Nxb6 48.Bxb6 Rxc2 49.Bxc2 Nd7 50.Bc7 Nf6 51.Ba4 Kg5
52.Bb6 Kh5 53.b5 Nh7 54.bxa6 Ng5+ 55.Kh2 bxa6 56.Bb5  1-0

[Event "48th Capablanca Open II 2013"]
[Site "Havana CUB"]
[Date "2013.04.30"]
[Round "9.35"]
[White "Llorente Bello,Eduardo"]
[Black "Morales Marmol,Marcos Antonio"]
[Result "1-0"]
[WhiteElo "2158"]
[BlackElo "1985"]

1.d4 Nf6 2.c4 g6 3.Nc3 Bg7 4.e4 O-O 5.Be2 d6 6.Nf3 e5 7.O-O Nc6 8.d5 Ne7
9.Bg5 h6 10.Bxf6 Bxf6 11.b4 Bg7 12.c5 f5 13.Nd2 fxe4 14.cxd6 cxd6 15.Ncxe4 Bf5
16.Rc1 Kh8 17.Qb3 Bxe4 18.Nxe4 Nf5 19.Qh3 Nd4 20.Rfe1 Rf4 21.Bf1 h5 22.Qg3 Rg4
23.Qd3 Qg8 24.g3 Rf8 25.Bg2 Qxd5 26.Rcd1 Qf7 27.f4 exf4 28.h3 f3 29.hxg4 fxg2
30.Kxg2 d5 31.Nd2 Qf2+ 32.Kh1 Nf3 33.Nxf3 Rxf3 34.Qxg6 hxg4 35.Qh5+ Kg8 36.Qxd5+ Kh8
37.Qh5+ Kg8 38.Re8+ Bf8 39.Qxg4+ Kh8 40.Qd4+  1-0

[Event "Chinese Teams 2013"]
[Site "Tianjin CHN"]
[Date "2013.04.30"]
[Round "1.6"]
[White "Xu,Yinglun"]
[Black "Wen Yang"]
[Result "0-1"]
[WhiteElo "2307"]
[BlackElo "2631"]

1.d4 Nf6 2.c4 g6 3.Nc3 Bg7 4.e4 d6 5.Nf3 O-O 6.Be2 e5 7.O-O Nc6 8.d5 Ne7
9.Ne1 Nd7 10.Nd3 f5 11.Bd2 Nf6 12.f3 f4 13.c5 g5 14.Rc1 Ng6 15.Nb5 Rf7 16.Ba5 b6
17.cxd6 cxd6 18.Bb4 Bf8 19.Rc6 Ne8 20.a4 Bd7 21.Qb3 a6 22.Nc3 a5 23.Ba3 Bxc6
24.dxc6 Rc8 25.Nf2 Kg7 26.Bb5 Ne7 27.Bc4 Rf6 28.Ng4 Rg6 29.Bf7 Rxc6 30.Nb5 h5
31.Bxg6 Nxg6 32.Nf2 Qd7 33.Qd3 Nh8 34.b3 Nf7 35.Nd1 g4 36.Ndc3 Nf6 37.Nd5 h4
38.fxg4 Qxg4 39.Nxf6 Kxf6 40.h3 Qg3 41.Rf3 Qg6 42.Bb2 Bh6 43.Rf2 Kg7 44.Qd5 Rc5
45.Qd3 d5 46.Re2 d4 47.Nxd4 exd4 48.Bxd4+ Ne5 49.Qd1 f3 50.Rc2 Qd6 51.Qa1 Be3+  0-1

[Event "III Miedzyzdroje Open 2013"]
[Site "Miedzyzdroje POL"]
[Date "2013.05.01"]
[Round "5.1"]
[White "Janczarski,M"]
[Black "Jacek,K"]
[Result "1/2-1/2"]
[WhiteElo "2346"]
[BlackElo "2098"]

1.d4 Nf6 2.c4 g6 3.Nc3 Bg7 4.e4 d6 5.Be2 O-O 6.Nf3 e5 7.O-O Nc6 8.d5 Ne7
9.b4 Nh5 10.Re1 Nf4 11.Bf1 a5 12.bxa5 Rxa5 13.Nd2 c5 14.Nb3 Ra6 15.a4 f5
16.f3 fxe4 17.fxe4 h5 18.a5 Kh7 19.Na4 Ng8 20.Nb6 Bg4 21.Qc2 Nh6 22.Be3 h4
23.Nxc5 dxc5 24.Bxc5 Rf7 25.h3 Qg5 26.hxg4 Nxg4 27.Qb3 h3 28.g3  1/2-1/2

[Event "46th ch-JPN"]
[Site "Tokyo JPN"]
[Date "2013.05.01"]
[Round "2.5"]
[White "Nakamura,N"]
[Black "Watanabe,A"]
[Result "1-0"]
[WhiteElo "2058"]
[BlackElo "2281"]

1.Nf3 Nf6 2.c4 g6 3.Nc3 Bg7 4.e4 d6 5.d4 O-O 6.Be2 e5 7.O-O Nc6 8.d5 Ne7
9.Nd2 a5 10.a3 Nd7 11.Rb1 f5 12.b4 Kh8 13.Qc2 Ng8 14.exf5 gxf5 15.f4 exf4
16.Nf3 axb4 17.axb4 Ndf6 18.Bd3 Nh5 19.Ne2 Ngf6 20.Nxf4 Nxf4 21.Bxf4 Ne4
22.Bc1 Qf6 23.Bb2 Nc3 24.Qb3 Ra2 25.Qxa2 Nxa2 26.Bxf6 Bxf6 27.Rb3 Bd7 28.b5 Nc3
29.Ra3 Ne4 30.Bc2 Nc5 31.Re1 Rg8 32.h3 Bb2 33.Ra7 Bf6 34.Re2 Kg7 35.Kf1 Kf7
36.Rf2 Re8 37.Nd2 Bd4 38.Rf3 Be3 39.Ke2 Bd4+ 40.Kd1 Nd3 41.Bxd3 Bxa7 42.Bxf5 Bxf5
43.Rxf5+ Kg6 44.Rf4 Be3 45.Re4 Rxe4 46.Nxe4 Kf5 47.Ng3+ Ke5 48.Ke2 Bb6 49.Kd3 c6
50.dxc6 bxc6 51.bxc6 d5 52.c5 Bc7 53.Ne2  1-0

[Event "8th Angers Open"]
[Site "Angers FRA"]
[Date "2013.05.05"]
[Round "6.8"]
[White "Fournel,D"]
[Black "Bihari,P1"]
[Result "0-1"]
[WhiteElo "1609"]
[BlackElo "1824"]

1.d4 Nf6 2.Nf3 g6 3.c4 Bg7 4.Nc3 d6 5.e4 O-O 6.Be2 e5 7.O-O Nc6 8.d5 Ne7
9.b4 a5 10.b5 Nd7 11.a4 f5 12.Nd2 f4 13.f3 g5 14.Nb3 b6 15.Bd2 Nf6 16.Be1 Ng6
17.Bf2 h5 18.Nd2 g4 19.Kh1 Bd7 20.Ra3 Qc8 21.Ncb1 h4 22.fxg4 Nxg4 23.Bxg4 Bxg4
24.Qe1 Bf6 25.Rg1 Kf7 26.Nf3 Rh8 27.Nbd2 Rh6 28.Qf1 h3 29.g3 Qd7 30.Qd3 Rg8
31.Raa1 fxg3 32.Bxg3 Ke8 33.Raf1 Rf8 34.Qe3 Rhh8 35.Qe1 Qe7 36.Qe3 Bh5 37.Qe1 Rf7
38.Qe3 Rhf8 39.Ne1 Bg5 40.Rxf7 Bxe3 41.Rxe7+ Kxe7 42.Rf1 Bxd2  0-1

[Event "31st Liechtenstein Open 2013"]
[Site "Triesen LIE"]
[Date "2013.05.05"]
[Round "3.1"]
[White "Malakhatko,V"]
[Black "Zozulia,A"]
[Result "1-0"]
[WhiteElo "2552"]
[BlackElo "2326"]

1.Nf3 Nf6 2.c4 g6 3.Nc3 Bg7 4.e4 d6 5.d4 O-O 6.Be2 e5 7.O-O Nc6 8.d5 Ne7
9.b4 a5 10.Ba3 axb4 11.Bxb4 Nd7 12.a4 Bh6 13.a5 f5 14.Bd3 Rf7 15.Qb3 g5 16.Rfd1 g4
17.Nd2 b6 18.Qc2 bxa5 19.Bxa5 Nb6 20.c5 dxc5 21.Nc4 fxe4 22.Nxe4 Nexd5 23.Nxe5 Rg7
24.Bc4 Bb7 25.Nxc5 Qf6 26.Nxb7 Qxe5 27.Bc3  1-0

[Event "Oceania Open zt 2013"]
[Site "Nadi FIJ"]
[Date "2013.05.06"]
[Round "3.15"]
[White "Bekker,G"]
[Black "Puccini,Jack"]
[Result "0-1"]
[WhiteElo "1827"]
[BlackElo "1891"]

1.d4 Nf6 2.c4 g6 3.Nc3 Bg7 4.e4 d6 5.Nf3 O-O 6.Be2 e5 7.O-O Nc6 8.d5 Ne7
9.Ne1 Nd7 10.Nd3 f5 11.Bd2 Kh8 12.Qc2 c5 13.b4 b6 14.bxc5 bxc5 15.f3 Ng8
16.Rab1 h5 17.Rb2 Bh6 18.Rfb1 Bxd2 19.Qxd2 f4 20.Nb5 Ndf6 21.Nf2 g5 22.h3 Nh6
23.Qd1 Rg8 24.Rb3 a6 25.Na3 Ra7 26.R1b2 Rh7 27.Nb1 g4 28.Rb8 Rhg7 29.hxg4 hxg4
30.fxg4 Nhxg4 31.Bxg4 Nxg4 32.Nxg4 Rxg4 33.R8b3 R4g5 34.Qe1 Kg7 35.Nd2 Kf7
36.Nf3 Rg3 37.Nh2 R3g6 38.Nf3 Rh8 39.Rb1 Rgh6 40.Kf2 Rh1 41.Qc3 Qg8 42.Ne1 Qg5
43.Rb6 Qh4+ 44.Ke2 Bg4+ 45.Nf3 Rxb1 46.Rxb1 Qg3 47.Rb7+ Kf6  0-1

[Event "5th Alexander The Great Open 2013"]
[Site "Porto Carras GRE"]
[Date "2013.05.07"]
[Round "1.2"]
[White "Antic,De"]
[Black "Hernandez Bermudez,Ulises"]
[Result "1-0"]
[WhiteElo "2473"]
[BlackElo "2038"]

1.d4 Nf6 2.c4 g6 3.Nc3 Bg7 4.e4 d6 5.Nf3 O-O 6.Be2 e5 7.O-O Nc6 8.d5 Ne7
9.b4 Ne8 10.c5 f5 11.a4 Nf6 12.Bg5 fxe4 13.Nd2 h6 14.Bxf6 Rxf6 15.Ndxe4 Rf4
16.g3 Rf7 17.Bf3 Bh3 18.Bg2 Bxg2 19.Kxg2 Qd7 20.Qd3 Raf8 21.f3 g5 22.h3 Nf5
23.Ra2 a6 24.Raf2 Kh8 25.Kh2 Nd4 26.a5 Qd8 27.Kg2 h5 28.g4 Rf4 29.cxd6 cxd6
30.Ne2 Nxe2 31.Rxe2 Bf6 32.Rc2 Qd7 33.Rff2 Bd8 34.Rc4 Qh7 35.Qe2 Qd7 36.Ng3 hxg4
37.hxg4 Qf7 38.Qd3 Re8 39.Rf1 Kg8 40.Rh1 Rf8 41.Rxf4 gxf4 42.Nf5  1-0

[Event "Deltalift Open 2013"]
[Site "Halmstad SWE"]
[Date "2013.05.09"]
[Round "4"]
[White "Haugli,P"]
[Black "Hillarp Persson,T"]
[Result "1-0"]
[WhiteElo "2288"]
[BlackElo "2522"]

1.d4 Nf6 2.c4 g6 3.Nc3 Bg7 4.e4 d6 5.Nf3 O-O 6.Be2 e5 7.O-O Nc6 8.d5 Ne7
9.Ne1 Ne8 10.Be3 f5 11.f3 Kh8 12.Nd3 f4 13.Bf2 h5 14.c5 Ng8 15.a4 g5 16.a5 Nh6
17.a6 b6 18.cxd6 Nxd6 19.Nb4 g4 20.Qe1 Rg8 21.Nc6 Qf8 22.Bh4 Bf6 23.Kh1 g3
24.hxg3 Bxh4 25.gxh4 Qf6 26.Kh2 Rg3 27.Rh1 Qxh4+ 28.Kg1 Qg5 29.Qf2 Rh3 30.Rxh3 Bxh3
31.Kh2 Bd7 32.Rh1 h4 33.Kg1 h3 34.Kf1 Nhf7 35.gxh3 Qh6 36.Ke1 Ne8 37.Rg1 Nf6
38.Ne7 Qh5 39.Ng6+ Kh7 40.Qh4 Qxh4+ 41.Nxh4 Nd6 42.Kf2 c6 43.Ng6 Re8 44.dxc6 Bxc6
45.Nh4 Bd7 46.Rd1 Nf7 47.Nd5 Nxd5 48.Rxd5 Bxh3 49.Nf5 Rd8 50.Rxd8 Nxd8 51.Nd6 Kg7
52.Bc4 Bd7 53.Bb5 Bxb5 54.Nxb5 Nc6 55.Ke2 Kf6 56.Kd2 Nb4 57.Nxa7 Nxa6 58.Nc8 b5
59.Nd6 b4 60.Kd3 Nc5+ 61.Kc4 Ne6 62.Kd3 Nd4 63.Ne8+ Ke6 64.Nc7+ Kf6 65.Nd5+ Kg5
66.Nxb4 Nxf3 67.Nd5 Nh4 68.b4 Kg4 69.b5 Kg3 70.b6 f3 71.b7 Ng2 72.b8=Q f2
73.Qg8+ Kf3 74.Qf7+ Nf4+ 75.Nxf4 exf4 76.Kd2 f1=Q 77.Qb7  1-0

[Event "Deltalift Open 2013"]
[Site "Halmstad SWE"]
[Date "2013.05.10"]
[Round "5"]
[White "Kockum,A"]
[Black "Berg,E"]
[Result "0-1"]
[WhiteElo "2355"]
[BlackElo "2561"]

1.d4 Nf6 2.Nf3 g6 3.c4 Bg7 4.Nc3 O-O 5.e4 d6 6.Be2 e5 7.O-O Nc6 8.d5 Ne7
9.Ne1 Nd7 10.Nd3 f5 11.Bd2 fxe4 12.Nxe4 Nf5 13.f3 Nf6 14.Ndf2 Nd4 15.Bd3 Bf5
16.Bg5 Qd7 17.g4 Bxe4 18.Nxe4 Nxe4 19.Bxe4 c5 20.Qd3 Rf7 21.Kg2 Bf6 22.Be3 Qe7
23.Qd2 Bh4 24.Rab1 a5 25.b3 Qd7 26.h3 b5 27.cxb5 Qxb5 28.Rb2 Raf8 29.Bxd4 exd4
30.Qh6 Bf6 31.Rbf2 Qe8 32.Qd2 Qe5 33.Re2 Bh4 34.f4 Rxf4 35.Rxf4 Qxf4 36.Qxf4 Rxf4
37.Bd3 Kf7 38.a3 Kg7 39.Be4 a4 40.bxa4 c4 41.Bf3 c3 42.Rc2 Be1 43.Be2 Rf2+
44.Kg1 Rxe2 45.Rxe2 d3 46.Re7+ Kh6 47.Rxe1 d2 48.Kf2 c2  0-1

[Event "5th Alexander The Great Open 2013"]
[Site "Porto Carras GRE"]
[Date "2013.05.10"]
[Round "5.2"]
[White "Arsovic,Z"]
[Black "Nina,M"]
[Result "1-0"]
[WhiteElo "2434"]
[BlackElo "2284"]

1.Nf3 Nf6 2.c4 g6 3.Nc3 Bg7 4.e4 d6 5.d4 O-O 6.Be2 e5 7.O-O Nc6 8.d5 Ne7
9.Kh1 Nd7 10.Be3 f5 11.Ng5 Nf6 12.f3 f4 13.Bf2 Re8 14.c5 h6 15.cxd6 cxd6
16.Ne6 Bxe6 17.dxe6 Nc6 18.Nb5 Bf8 19.Qb3 Kh8 20.Rfd1 a6 21.Nc3 b5 22.Nd5 Nxd5
23.exd5 Ne7 24.a4 bxa4 25.Rxa4 Rb8 26.Qc3 a5 27.Rxf4 Bg7 28.Rf7 Rb4 29.g4 Qa8
30.Qd2 Qb7 31.Bh4 Rxb2 32.Qc1 Kg8 33.Bf6 Bf8 34.Bxe7 Rxe7 35.Rxf8+ Kxf8 36.Qxh6+ Rg7
37.Qh8+ Rg8 38.Qf6+ Ke8 39.Bd3 Qg7 40.Qg5 Qe7 41.Bxg6+ Kd8 42.Qc1 Qb7 43.e7+ Kd7
44.Qg5 Qb3 45.Qf5+  1-0

[Event "BSG Pinkstertoernooi 2013"]
[Site "Bussum NED"]
[Date "2013.05.19"]
[Round "4.9"]
[White "Breedveld,A"]
[Black "Cornelisse,J"]
[Result "1-0"]
[WhiteElo "2083"]
[BlackElo "2215"]

1.d4 g6 2.c4 Bg7 3.e4 d6 4.Nc3 Nf6 5.Nf3 O-O 6.Be2 e5 7.O-O Nc6 8.d5 Ne7
9.Ne1 Nd7 10.Nd3 f5 11.Bd2 Kh8 12.Rc1 Ng8 13.f3 Bh6 14.g4 fxg4 15.fxg4 Rxf1+
16.Bxf1 Nc5 17.Nxc5 dxc5 18.h3 Bd7 19.Bg2 Qe7 20.Bxh6 Nxh6 21.Qd2 Nf7 22.Qf2 b6
23.Rf1 Kg7 24.b3 Rf8 25.Qg3 Qg5 26.h4 Qxg4 27.Qxg4 Bxg4 28.Nb5 Nd6 29.Rxf8 Kxf8
30.Nxa7 Bd7 31.Kf2 Kg7 32.Bf3 h5 33.a4 Nb7 34.Bd1 Kh6 35.Kg3 g5 36.Bc2 Nd6
37.Nb5 Bxb5 38.axb5 Nc8 39.Bd1 Ne7 40.Bc2 gxh4+ 41.Kxh4 Ng6+ 42.Kg3 Kg5 43.b4 cxb4
44.c5 bxc5 45.d6 cxd6 46.b6 Ne7 47.Ba4 b3 48.b7  1-0

[Event "7th IBC Limburg Open"]
[Site "Limburg NED"]
[Date "2013.05.19"]
[Round "5.7"]
[White "Goudriaan,E"]
[Black "Von Meijenfeldt,Bart"]
[Result "1/2-1/2"]
[WhiteElo "2374"]
[BlackElo "2167"]

1.d4 Nf6 2.c4 g6 3.Nc3 Bg7 4.e4 d6 5.Nf3 O-O 6.Be2 e5 7.O-O Nc6 8.d5 Ne7
9.b4 Nh5 10.g3 f5 11.Ng5 Nf6 12.Bf3 c6 13.Bg2 h6 14.Ne6 Bxe6 15.dxe6 Qc7
16.b5 Rad8 17.Ba3 Qc8 18.Bxd6 Qxe6 19.c5 Nc8 20.exf5 gxf5 21.Qb3 Qxb3 22.axb3 Nxd6
23.cxd6 e4 24.Rxa7 Ng4 25.Ne2 Rxd6 26.Rxb7 Rd2 27.h3 Rxe2 28.hxg4 cxb5 29.gxf5 Rxf5
30.Bh3 Rf8 31.Bg4 Rc2 32.Rxb5 Bd4 33.Rf5 Rb2 34.Rxf8+ Kxf8 35.Be6 Ke7 36.Bd5 Kd6
37.Bxe4 Rxb3 38.Kg2 Rb2 39.Kf3 Ke5 40.Bd3 Ra2 41.Be2 Ra1 42.Bd1 Ra2 43.Re1+ Kf6
44.Rf1 Kg5 45.Be2 Ra1 46.Rxa1 Bxa1 47.Ke4 Kf6 48.Bd3 Bc3 49.Ke3 Ba5 50.Kf4 Be1
51.f3 Bf2 52.Be4 Bb6 53.Kg4 Bf2 54.f4 Be1 55.Kf3 Kg7 56.g4 Bd2 57.Kg3  1/2-1/2

[Event "Asian Continental w 2013"]
[Site "Manila PHI"]
[Date "2013.05.20"]
[Round "3.4"]
[White "Nakhbayeva,G"]
[Black "Nguyen Thi Thanh An"]
[Result "1/2-1/2"]
[WhiteElo "2379"]
[BlackElo "2250"]

1.d4 Nf6 2.c4 g6 3.Nc3 Bg7 4.e4 d6 5.Be2 O-O 6.Nf3 e5 7.O-O Nc6 8.d5 Ne7
9.b4 Nh5 10.g3 Bg4 11.a4 h6 12.a5 a6 13.Ba3 f5 14.c5 Nf6 15.cxd6 cxd6 16.Nd2 Bxe2
17.Qxe2 fxe4 18.Ndxe4 Nf5 19.Qd3 Nxe4 20.Nxe4 Qd7 21.Bb2 Rf7 22.Rac1 Rd8
23.Rc4 Qb5 24.Rfc1 Nd4 25.Bxd4 exd4 26.Rxd4 Bxd4 27.Qxd4 Qe2 28.Rc3 Rdf8
29.Re3 Qa2  1/2-1/2

[Event "Gligoric Cup 2013"]
[Site "Banja Koviljaca SRB"]
[Date "2013.05.22"]
[Round "3.3"]
[White "Rajkovic,Du"]
[Black "Ostojic,N1"]
[Result "1/2-1/2"]
[WhiteElo "2392"]
[BlackElo "2442"]

1.d4 Nf6 2.c4 g6 3.Nc3 Bg7 4.e4 d6 5.Nf3 O-O 6.Be2 e5 7.O-O Nc6 8.d5 Ne7
9.Ne1 Nd7 10.f3 f5 11.g4 Nf6 12.Ng2 Kh8 13.h4 c6 14.Be3 b5 15.dxc6 bxc4 16.g5 Nh5
17.Bxc4 Nxc6 18.Nb5 f4 19.Bf2 Ng3 20.Qxd6 Nxf1 21.Kxf1 a6 22.Qxd8 Rxd8 23.Nc3 Rb8
24.b3 Nd4 25.Ne1 Rd6 26.Bxd4 Rxd4 27.Ke2 Bb7 28.Nd3 Rc8 29.Rc1 a5  1/2-1/2

[Event "Gligoric Cup 2013"]
[Site "Banja Koviljaca SRB"]
[Date "2013.05.22"]
[Round "3.1"]
[White "Lajthajm,B"]
[Black "Popovic,Du"]
[Result "0-1"]
[WhiteElo "2466"]
[BlackElo "2558"]

1.d4 Nf6 2.c4 g6 3.Nc3 Bg7 4.e4 d6 5.Be2 O-O 6.Nf3 e5 7.O-O Nc6 8.dxe5 Nxe5
9.Nd4 Re8 10.Bf4 Nfd7 11.Qd2 Nc5 12.Rad1 Nc6 13.Nxc6 bxc6 14.f3 a5 15.Be3 Qe7
16.Rfe1 a4 17.Qc2 Be6 18.f4 a3 19.Bxc5 dxc5 20.e5 Bf5 21.Bd3 Bxd3 22.Rxd3 axb2
23.Qxb2 Qe6 24.Qc2 Qxc4 25.Re4 Qe6 26.Na4 Reb8 27.Rb3 Bf8 28.Rc4 Rb4 29.Rbxb4 cxb4
30.Rxc6 Qd5 31.g3 Qb5 32.e6 fxe6 33.Rxe6 Rxa4 34.Qb3 Kh8 35.f5 Qc5+ 36.Kg2 Ra3
37.Qb2+ Rc3  0-1

[Event "22nd TCh-CRO Cup 2013"]
[Site "Bol na Bracu CRO"]
[Date "2013.05.23"]
[Round "2.11"]
[White "Martic,Z"]
[Black "Saric,Iv"]
[Result "1/2-1/2"]
[WhiteElo "2312"]
[BlackElo "2622"]

1.d4 Nf6 2.c4 g6 3.Nc3 Bg7 4.e4 d6 5.Nf3 O-O 6.Be2 e5 7.O-O Nc6 8.d5 Ne7
9.a4 a5 10.Ne1 Nd7 11.Nd3 b6 12.Nb5 f5 13.f3 Nf6 14.Nf2 Bb7 15.Bd2 c6 16.dxc6 Bxc6
17.Bc3 fxe4 18.fxe4 Nxe4 19.Nxe4 Rxf1+ 20.Bxf1 Bxe4 21.Nxd6 Bd5 22.Nb5 Bf7
23.Qe2 Nc6 24.Rd1 Nd4 25.Qe4 Qf8 26.Nxd4 Rd8 27.Ne6 Bxe6 28.Rxd8 Qxd8 29.Bxe5 Bf5
30.Qf4 Qe7 31.Bxg7  1/2-1/2

[Event "e2e4 Sunningdale Open"]
[Site "Ascot ENG"]
[Date "2013.05.26"]
[Round "5"]
[White "Sara,V"]
[Black "Roberts,DL"]
[Result "1/2-1/2"]
[WhiteElo "2048"]
[BlackElo "2066"]

1.d4 Nf6 2.Nf3 g6 3.c4 Bg7 4.Nc3 O-O 5.e4 d6 6.Be2 e5 7.O-O Nc6 8.d5 Ne7
9.b4 Nh5 10.Re1 f5 11.Ng5 Nf6 12.Bf3 fxe4 13.Ncxe4 Nf5 14.Nxf6+ Bxf6 15.Ne4 Nd4
16.Be3 Nxf3+ 17.Qxf3 Bh4 18.Qe2 Bf5 19.Ng3 Bxg3 20.hxg3 Qd7 21.Rac1 a5 22.b5 b6
23.Bh6 Rf7 24.f3 Qe7 25.Qd2 Qf6 26.Bg5 Qg7 27.g4 Bd7 28.Bh6 Qf6 29.Bg5 Qg7
30.Bh6 Qf6 31.Kf2 Bxg4 32.Bg5 Qg7 33.Bh6 Qf6 34.Bg5 Qg7 35.Bh6 Qf6 36.Bg5 Qg7  1/2-1/2

[Event "Hungarian National Open 2013"]
[Site "Zalakaros HUN"]
[Date "2013.05.26"]
[Round "5"]
[White "Pasztor,F1"]
[Black "Havasi,Gergo"]
[Result "0-1"]
[WhiteElo "2219"]
[BlackElo "2040"]

1.d4 Nf6 2.c4 g6 3.Nc3 Bg7 4.e4 d6 5.Be2 O-O 6.Nf3 e5 7.O-O Nc6 8.d5 Ne7
9.Ne1 Nd7 10.Be3 f5 11.f3 f4 12.Bf2 g5 13.b4 Nf6 14.c5 Ng6 15.cxd6 cxd6 16.Rc1 Rf7
17.Qc2 g4 18.Nb5 g3 19.hxg3 fxg3 20.Bxg3 Bh6 21.Rb1 a6 22.Nc3 Nh5 23.Bf2 Ngf4
24.g4 Nh3+ 25.Kh1 Bxg4 26.Bd1 Bd7 27.Ng2 Rg7 28.Bh4 Qxh4 29.Nxh4 Ng3+ 30.Kg2 Ne2+
31.Kh1 Nf2+  0-1

[Event "e2e4 Sunningdale Open"]
[Site "Ascot ENG"]
[Date "2013.05.27"]
[Round "6"]
[White "Bonafont,P"]
[Black "Ledger,D"]
[Result "0-1"]
[WhiteElo "2073"]
[BlackElo "2287"]

1.d4 Nf6 2.Nf3 g6 3.c4 Bg7 4.Nc3 O-O 5.e4 d6 6.Be2 e5 7.O-O Nc6 8.d5 Ne7
9.Ne1 Nd7 10.Be3 f5 11.f3 f4 12.Bf2 h5 13.Rc1 g5 14.Nb5 b6 15.b4 a6 16.Nc3 Nf6
17.c5 g4 18.Nd3 Ng6 19.cxb6 cxb6 20.Na4 b5 21.Nb6 g3 22.Nxa8 Ne8 23.Qc2 Bd7
24.Nc7 Qh4 25.hxg3 fxg3 26.Bxg3 Qxg3 27.Ne6 Bxe6 28.dxe6 Bh6 29.e7 Be3+ 30.Rf2 Rf7
31.Qc8 Nf4 32.Qxe8+ Kg7 33.Qh8+ Kxh8 34.e8=Q+ Kg7 35.Nxf4 Qxf2+ 36.Kh1 Bxf4
37.Bc4 Qh4+ 38.Kg1 Be3+  0-1

[Event "6th Mayors Cup 2013"]
[Site "Mumbai IND"]
[Date "2013.05.30"]
[Round "2"]
[White "Malakhatko,V"]
[Black "Chatterjee,D"]
[Result "1-0"]
[WhiteElo "2552"]
[BlackElo "2281"]

1.c4 Nf6 2.Nf3 g6 3.Nc3 Bg7 4.e4 d6 5.d4 O-O 6.Be2 e5 7.O-O Nc6 8.d5 Ne7
9.b4 c6 10.a4 a5 11.bxa5 Qxa5 12.Bd2 Qd8 13.Ne1 Nd7 14.Nd3 f5 15.f3 fxe4
16.fxe4 Rxf1+ 17.Qxf1 Nb6 18.Nf2 h5 19.a5 Nd7 20.Na4 b6 21.axb6 Nxb6 22.Nxb6 Rxa1
23.Qxa1 Qxb6 24.Qc1 cxd5 25.cxd5 Ba6 26.Bxa6 Qxa6 27.Bg5 Qc8 28.Qd1 Qf8 29.g4 Bh6
30.Qc1 Kh7 31.Bxh6 Qxh6 32.Qc7 Qg5 33.Qxd6 hxg4 34.Qd7 Kh6 35.Qe8 Qc1+ 36.Kg2 Qc7
37.Qf8+ Kg5 38.h4+ gxh3+ 39.Nxh3+ Kh5 40.Qh8+ Kg4 41.Nf2+  1-0

[Event "35th Nezhmetdinov Cup"]
[Site "Kazan RUS"]
[Date "2013.05.31"]
[Round "1.44"]
[White "Fedorov,Alex"]
[Black "Ozolin,M"]
[Result "0-1"]
[WhiteElo "2591"]
[BlackElo "2387"]

1.Nf3 Nf6 2.c4 g6 3.Nc3 Bg7 4.e4 d6 5.d4 O-O 6.Be2 e5 7.O-O Nc6 8.d5 Ne7
9.b4 a5 10.Ba3 Nd7 11.bxa5 Rxa5 12.Bb4 Ra8 13.a4 Bh6 14.Nd2 f5 15.a5 Nf6
16.f3 Be3+ 17.Kh1 f4 18.Qc2 Nh5 19.Rfb1 Ng3+ 20.hxg3 Nf5 21.exf5 Qg5 22.Nf1 Qh6+
23.Nh2 fxg3  0-1